000 01392nam0a2200337 4500
001 RU\NLR\bibl\1992126
005 20260406015336.0
010 _a978-5-93286-212-4
_92000
021 _aRU
_b2012-101533
_97483
035 _a(NLR Aleph) 001980636
090 _a4085293
_c4085293
100 _a20130125d2013 |||y0rusy50 ca
101 1 _arus
_cund
102 _aRU
105 _aa |||||||||
200 1 _aOS X Mountain Lion
_eосновное руководство
_e[описаны OS X 10.8 и iCloud]
_fДэвид Пог
_g[пер. М. Зислиса]
210 _aСанкт-Петербург
_aМосква
_cСимвол
_d2013 [т.е. 2012]
215 _a909 с.
_cил.
_d24
300 _aКн. фактически изд. в 2012 г.
300 _aЗагл. и авт. ориг.: OS X Mountain Lion/ David Pogue
320 _aАлф. указ.: с. 886-909
454 0 _12001#$aOS X Mountain Lion$fDavid Pogue
_1700#1$aPogue$bD.$gDavid$f1963-$3RU\NLR\AUTH\770208162$4070
_tOS X Mountain Lion
_aPogue, David (1963-)
606 1 _aMAC OS X LION, операционная система
_92090858
_3RU\NLR\auth\661569117
686 _aЗ973.23-018.2
700 1 _4070
_8rus
_7ca
_aПог
_bД.
_f1963-
_gДэвид
_3RU\NLR\AUTH\77120815
_9103740
801 0 _aRU
_bNLR
_c20130125
_gRCR
801 1 _aRU
_bNLR
_c20130125
942 _cBOOK
980 _aNB